Symbolic interactionism : genesis, varieties and criticism

Αποθηκεύτηκε σε:
Λεπτομέρειες βιβλιογραφικής εγγραφής
Κύριος συγγραφέας: Meltzer, Bernard N.
Άλλοι συγγραφείς: Petras, John W., Reynolds, Larry T.
Μορφή: Βιβλίο
Γλώσσα:English
Δημοσίευση: Boston : Routledge and Kegan Paul, c1975
Σειρά:Monographs in social theory
Θέματα:
Ετικέτες: Προσθήκη ετικέτας
Δεν υπάρχουν, Καταχωρήστε ετικέτα πρώτοι!

MARC

LEADER 00000nam a2200000 i 4500
001 1/67485
008 931104s1975 eng d
020 |a 0-7100-8056-5 
035 |a ΛΕΣΒΟΣb10001906  |l 10001906 
040 |a GR-MY-UA  |b gre  |e aacr 
041 0 |a eng 
082 0 |a 301.01 
100 1 |a Meltzer, Bernard N. 
245 1 0 |a Symbolic interactionism :  |b genesis, varieties and criticism /  |c Bernard N. Meltzer; John W. Petras; Larry T. Reynolds 
260 |a Boston :   |b Routledge and Kegan Paul,   |c c1975 
300 |a 144 p. 
490 1 |a Monographs in social theory 
504 |a Includes bibliographical references and index 
650 0 0 |a Sociology. 
650 0 0 |a Symbolic interactionism. 
700 1 |a Petras, John W. 
700 1 |a Reynolds, Larry T. 
830 0 |a Monographs in social theory 
852 |a INST  |b LESVOS  |e 19931104  |h 301.01 MEL  |p 005100010062  |q 005100010062  |t BK  |y 0 
909 |a Λ  |b 010428